Squah, broad-headed and scentless plant bugs of Virginia: hemiptera: coreoidea: coreidae, alydidae, rhopalidae
Saved in:
| Hovedforfatter: | |
|---|---|
| Format: | Bog |
| Sprog: | engelsk |
| Udgivet: |
Blacksburg
Virginia Polytechnic Institute and state University
1975
|
| Serier: | <The >insects of Virginia, 9
|
| Fag: | |
| Tags: |
Tilføj Tag
Ingen Tags, Vær først til at tagge denne postø!
|
MARC
| LEADER | 00000nam a2200000 a 4500 | ||
|---|---|---|---|
| 001 | UCQ2953 | ||
| 003 | CL-VaPUC | ||
| 008 | 980731e19750000us |||||||||||||||||eng|d | ||
| 082 | 0 | 4 | |a 595.754 |b HOF |2 21 |
| 100 | 0 | |a Hoffman, Richard L |e author |9 416986 | |
| 245 | 1 | 0 | |a Squah, broad-headed and scentless plant bugs of Virginia: hemiptera: coreoidea: coreidae, alydidae, rhopalidae |
| 300 | |a 52 p | ||
| 942 | |c BK | ||
| 945 | |d 19980731 00:00:00 |a mvenant | ||
| 260 | |a Blacksburg |b Virginia Polytechnic Institute and state University |c 1975 | ||
| 650 | 0 | |a Insectos |9 264174 | |
| 650 | 7 | |a ESPECIES |2 CL-VaPUC |9 331928 | |
| 650 | 7 | |a HEMIPTERA |2 CL-VaPUC |9 416987 | |
| 650 | 7 | |a CONTROL DE INSECTOS |2 CL-VaPUC |9 269671 | |
| 650 | 0 | |a Plantas |9 264555 | |
| 583 | |a last modification |c 20171221 12:02:09 |k Rodrigo Vera | ||
| 490 | 0 | |a <The >insects of Virginia, 9 | |
| 999 | |c 273651 |d 273649 | ||